000
002310000a22000970004500
100
1
_a
Lucida, Camara
245
1
0
_a
Las huellas de los abuelos
300
_a
Vol. 10, Núm 10 (1993), Páginas 58-59
773
0
_t
Cambio 16
942
_c
ANA
999
_c
58518
_d
58518